<?xml version="1.0" encoding="UTF-8"?><?xml-stylesheet type="text/xsl" href="static/style.xsl"?><OAI-PMH xmlns="http://www.openarchives.org/OAI/2.0/" xmlns:xsi="http://www.w3.org/2001/XMLSchema-instance" xsi:schemaLocation="http://www.openarchives.org/OAI/2.0/ http://www.openarchives.org/OAI/2.0/OAI-PMH.xsd"><responseDate>2026-04-13T02:28:07Z</responseDate><request verb="GetRecord" identifier="oai:www.recercat.cat:2072/443558" metadataPrefix="marc">https://recercat.cat/oai/request</request><GetRecord><record><header><identifier>oai:recercat.cat:2072/443558</identifier><datestamp>2025-12-18T10:04:02Z</datestamp><setSpec>com_2072_220028</setSpec><setSpec>com_2072_4427</setSpec><setSpec>col_2072_479371</setSpec></header><metadata><record xmlns="http://www.loc.gov/MARC21/slim" xmlns:dcterms="http://purl.org/dc/terms/" xmlns:xsi="http://www.w3.org/2001/XMLSchema-instance" xmlns:doc="http://www.lyncode.com/xoai" xsi:schemaLocation="http://www.loc.gov/MARC21/slim http://www.loc.gov/standards/marcxml/schema/MARC21slim.xsd">
   <leader>00925njm 22002777a 4500</leader>
   <datafield ind2=" " ind1=" " tag="042">
      <subfield code="a">dc</subfield>
   </datafield>
   <datafield ind2=" " ind1=" " tag="720">
      <subfield code="a">Macias-Solé, Josep-M</subfield>
      <subfield code="e">author</subfield>
   </datafield>
   <datafield ind2=" " ind1=" " tag="260">
      <subfield code="c">2018</subfield>
   </datafield>
   <datafield ind2=" " ind1=" " tag="520">
      <subfield code="a">A partir de las excavaciones arqueológicas efectuadas en la ciudad de Tarragona podemos precisar los procesos de transformación sociourbanísticos de la capital de la provincia hispánica más extensa del Imperio. No se trató de un proceso único en el contexto Hispánico, aunque la trayectoria histórica de Tarraco y su posición geoestratético confirieron a la ciudad una mejor capacidad de resistencia a los inevitables cambios de la Antigüedad Tardía. Analizamos los datos arqueológicos disponibles en la ciudad y su territorio, en conjunción con la información epigráfica y las fuentes escritas.</subfield>
   </datafield>
   <datafield ind2=" " ind1=" " tag="520">
      <subfield code="a">From archaeological excavations carried out in the city of Tarragona we can define socio-urban processes of transformation in the capital of most extensive Hispanic province of the Empire. Although the Tarraco historical trajectory and its geo-strategic position gave the city a better capacity for resistance to the inevitable changes of Late AntiquityIt, it was not a unique process in the Hispanic context. We analyze the archaeological data available in the city and its territory, along epigraphic information and historical sources.</subfield>
   </datafield>
   <datafield ind1="8" ind2=" " tag="024">
      <subfield code="a">978-84-9960-118-2</subfield>
   </datafield>
   <datafield ind1="8" ind2=" " tag="024">
      <subfield code="a">http://hdl.handle.net/2072/443558</subfield>
   </datafield>
   <datafield ind2="0" ind1="0" tag="245">
      <subfield code="a">Tarraco como modelo de ciudad insostenible</subfield>
   </datafield>
</record></metadata></record></GetRecord></OAI-PMH>